00403nam a22001217a 4500008004100000040005500041080002600096245006300122260005100185300001000236650001400246700002100260230515b |||||||| |||| 00| 0 eng d aNational Science LibrarycNational Science Library aR 058(540)(058.7)bM8 aDirectory of scientific and technical libraries in India:  aNew Delhi: bReliance Publishing House, 61988 a454p. aDirectory aKalia, D R (Ed.)